UBT Library

The myth of the state, (Record no. 41962)

000 -LEADER
fixed length control field 00591cam a22002291 4500
001 - CONTROL NUMBER
control field 8810783
005 - DATE AND TIME OF LATEST TRANSACTION
control field 20180207032221.0
008 - FIXED-LENGTH DATA ELEMENTS--GENERAL INFORMATION
fixed length control field 721114s1946 ctuc b 000 0 eng c
010 ## - LIBRARY OF CONGRESS CONTROL NUMBER
LC control number a 46005936
035 ## - SYSTEM CONTROL NUMBER
System control number (OCoLC)494059
040 ## - CATALOGING SOURCE
Original cataloging agency Yale Univ. Library
Transcribing agency ODaWU
Modifying agency OCoLC
-- DLC
041 ## - LANGUAGE CODE
Language code of text/sound track or separate title eng
042 ## - AUTHENTICATION CODE
Authentication code premarc
080 ## - UNIVERSAL DECIMAL CLASSIFICATION NUMBER
Universal Decimal Classification number 320.1 CAS
082 ## - DEWEY DECIMAL CLASSIFICATION NUMBER
Classification number 320.1 CAS
100 1# - Rafti
Rafti 50
101 ## - Shkurtesa
Shkurtesa SOC
245 14 - TITLE STATEMENT
Title The myth of the state,
Statement of responsibility, etc by Ernst Cassirer.
504 ## - BIBLIOGRAPHY, ETC. NOTE
Bibliography, etc Bibliographical foot-notes.
906 ## - LOCAL DATA ELEMENT F, LDF (RLIN)
a 7
b cbc
c oclcrpl
d u
e ncip
f 19
g y-gencatlg
942 ## - ADDED ENTRY ELEMENTS (KOHA)
Source of classification or shelving scheme
Item type Books
Holdings
Withdrawn status Lost status Source of classification or shelving scheme Damaged status Not for loan Collection code Permanent location Current location Shelving location Date acquired Total Checkouts Full call number Barcode Date last seen Price effective from Koha item type
          Koleksioni i përgjithshem UBT - Lipjan UBT - Lipjan Koleksioni i përgjithshem 02/07/2018   320.1 CAS 002-2999019 02/07/2018 02/07/2018 Books
UBT Library © 2015-2024. All rights reserved University Education for Business and Technology